Music Quiz

Random Music or Artist Quiz

NOW 75 songs Quiz Stats

 Plays Quiz not verified by Sporcle

Challenge
Share
Tweet
Embed
Score 0/43 Timer 08:00
0 Plays Today
Artist Song % Correct
Lady GagaBad Romance
80.3%
Owl CityFireflies
75%
Glee CastDon't Stop Believin'
65.8%
JourneyDon't Stop Believin'
65.8%
Ke$haTiK ToK
61.8%
RihannaRude Boy
55.3%
IyazReplay
53.9%
Tinie TempahPass Out
52.6%
Jason DeruloIn My Head
52.6%
Jedward feat. Vanilla IceUnder Pressure (Ice Ice Baby)
52.6%
Timbaland feat. Katy PerryIf We Ever Meet Again
50%
Alicia KeysEmpire State of Mind (Part II)
50%
3OH!3 feat. Katy PerryStarstrukk
46.1%
JLSEverybody in Love
46.1%
The Black Eyed PeasMeet Me Halfway
42.1%
Joe McElderryThe Climb
40.8%
Cheryl Cole feat. Will.I.Am3 words
38.2%
Justin BieberOne Time
34.2%
Ellie GouldingStarry Eyed
34.2%
Alexandra BurkeBroken Heels
32.9%
The SaturdaysEgo
31.6%
Florence + The MachineDog Days Are Over
30.3%
Artist Song % Correct
Helping HaitiEverybody Hurts
28.9%
Pixie LottCry Me Out
26.3%
Jay-Z feat. Mr.HudsonYoung Forever
26.3%
Young Money feat. LloydBedRock
25%
RihannaRussian Roulette
25%
Gabriella CilmiOn A Mission
23.7%
Sidney Sampson feat. Wizard SleeveRiverside (Let's Go!)
23.7%
Robbie WilliamsYou Know Me
23.7%
Chipmunks feat. Talay RileyLook For Me
22.4%
SugababesAbout A Girl
22.4%
Jay Sean feat. Sean Paul & Lil JonDo You Remember
22.4%
Marina & The DiamondsHollywood
22.4%
Chiddy BangOpposite Of Adults
22.4%
Biffy ClyroMany Of Horror
21.1%
Plan BStay Too Long
19.7%
N-Dubz feat. Mr.HudsonPlaying With Fire
19.7%
McLean My Name
19.7%
Naughty Boys pts. Wiley feat. Emeli SandréNever Be Your Woman
18.4%
ExampleWon't Go Quietly
18.4%
GramophonedzieWhy Don't You
18.4%
LemarThe Way Love Goes
17.1%

You're not logged in!

Compare scores with friends on all Sporcle quizzes.
OR
Log In

You Might Also Like...

Show Comments

Extras

Top Quizzes Today


Score Distribution

Your Account Isn't Verified!

In order to create a playlist on Sporcle, you need to verify the email address you used during registration. Go to your Sporcle Settings to finish the process.

Report this User

Report this user for behavior that violates our Community Guidelines.

Details: